Missing Word: Russia by the Letter Quiz Stats

 Plays Quiz Updated Jul 24, 2019

Score 0/6 Timer 03:00
0 Plays Today
Fact Answer % Correct
After the Russian Civil War between the Bolsheviks and the Mensheviks, the ____ was formed in 1922.USSR
88.9%
Ruling since 1613, the _______ dynasty ended with the abdication of Nicholas II in 1917.Romanov
82.9%
Born in what is now the Smolensk Oblast, _____ ______ was a biochemistry professor at Boston University and one of the greatest science fiction writers of all time.Isaac Asimov
56.5%
Russians today descended from the ______ tribes, similar to many Eastern European countries.Slavic
55.3%
Styled as a 'Peacemaker', Tsar _________ ___ was famously conservative at home and fought no major wars during his 13 year reign.Alexander III
43.7%
Russia is famous for its composers, including ______ ___________, who composed the Symphonic dances, Paganini Rhapsody and many piano concertos.Sergei Rachmaninov
17.1%

Today's Daily Dose

Word Ladder
Lean on Me

Get the Picture
Superhero by Villain

You're not logged in!

Compare scores with friends on all Sporcle quizzes.
OR
Log In

Sporcle TV

Today on Sporcle TV


Watch our educational content, quiz creation guides, and fun videos on Sporcle TV.

Show Comments

Extras

Top Quizzes Today


Score Distribution

Your Account Isn't Verified!

In order to create a playlist on Sporcle, you need to verify the email address you used during registration. Go to your Sporcle Settings to finish the process.

Report this User

Report this user for behavior that violates our Community Guidelines.

Details: